Las tres vías y las tres conversiones

Uloženo v:
Podrobná bibliografie
Hlavní autor: Garrigou-Lagrange, Reginaldo (Autor)
Médium: Kniha
Jazyk:španělština
Vydáno: Buenos Aires Ediciones Desclée de Brouwer 1945
Vydání:1a. ed
Edice:Principios de espiritualidad
Témata:
Tagy: Přidat tag
Žádné tagy, Buďte první, kdo vytvoří štítek k tomuto záznamu!

MARC

LEADER 00000cam a2200000 a 4500
001 UCE1355
003 CL-VaPUC
008 140407e19450000ag |||||||||||||||||spa|d
082 0 4 |a 248.892  |b GAR  |2 21 
100 0 |a Garrigou-Lagrange, Reginaldo  |e author  |9 573662 
245 1 4 |a Las tres vías y las tres conversiones 
250 |a 1a. ed 
300 |a 157 p 
942 |c BK 
945 |d 20140407 11:30:00  |a dcastane 
260 |a Buenos Aires  |b Ediciones Desclée de Brouwer  |c 1945 
650 0 |a Espiritualidad   |9 267331 
650 0 |a Vida religiosa  |9 257284 
650 0 |a Sacerdotes   |9 315705 
650 0 |a Iglesia Católica  |9 256114 
583 |a last modification  |c 20140407 11:30:00  |k Rodrigo Vera 
490 0 |a Principios de espiritualidad 
999 |c 355154  |d 355152 
952 |0 0  |1 0  |3 erb  |4 0  |6 248_892000000000000_GAR_1945  |7 0  |8 P  |9 461542  |a BIBTEO  |b BIBTES  |c TEO_FTES  |i 5050340  |o 248.892 GAR 1945  |p 5050340  |r 2024-01-18  |w 2019-11-23  |y BK  |z Catalogado en:20140407  |k ICR 
952 |0 0  |1 0  |3 erb  |4 0  |6 248_892000000000000_GAR_1945  |7 0  |8 P  |9 461543  |a BIBTEO  |b BIBTES  |c TEO_FTES  |e Villagrán Garnham, Jorge  |i 5317541  |o 248.892 GAR 1945  |p 5317541  |r 2024-01-18  |w 2019-11-23  |y BK  |z Catalogado en:20160731  |k ICR